| 000 | 00569nam a2200253Ia 4500 | ||
|---|---|---|---|
| 008 | 160321s9999||||xx |||||||||||||| ||und|| | ||
| 040 | _cEnglish | ||
| 082 | _aXIE/Religion | ||
| 082 | _bBORI-18839 | ||
| 100 | _aP. Spratt | ||
| 245 | 4 | _aThe Sikh Life-View | |
| 300 | _a187 | ||
| 300 | _cB | ||
| 300 | _eHardbound | ||
| 530 | _u00025641.pdf | ||
| 563 | _aStudy | ||
| 600 | _aP. Spratt | ||
| 630 | _aThe Sikh Life-View | ||
| 650 | _aGeneral Indology | ||
| 650 | _aReligion | ||
| 700 | _aP. Spratt | ||
| 730 | _aThe Sikh Life-View | ||
| 942 | _cBOOK | ||
| 999 |
_c1358559 _d1358556 |
||